[Event "2015: The Year Of Darkcoin"]
[Site "SchemingMind.com"]
[Date "2014.11.02"]
[Round "-"]
[White "smothered mate"]
[Black "berns"]
[Result "1-0"]
[WhiteCountry "POL"]
[BlackCountry "ENG"]
[WhiteElo "1887"]
[WhiteRD "63"]
[BlackElo "1630"]
[BlackRD "82"]
[GameID "367877"]

1. e4 e5 2. f4 exf4 3. Nf3 Bd6 4. Bc4 Nh6 5. e5 Bc5 6. d4 Bb6 7. Bxf4 d6 8. O-O Bg4 9. exd6 cxd6 10. Re1+ Be6
11. Bxe6 fxe6 12. Bxh6 gxh6 13. Rxe6+ Kd7 14. Rxh6 Qf8 15. Rh4 Nc6 16. c3 Re8 17. Nbd2 h6 18. Nc4 Bc7 19. d5 Ne7 20. Qa4+ Kc8
21. Qxa7 Nxd5 22. Qd4 Ne3 23. Nxe3 Rg8 24. Rf4 Qe7 25. Nd5 Qd8 26. Rf7 Ref8 27. Rxc7+ Kb8 28. Qb6 Qxc7 29. Qxc7+ Ka8 30. Nb6+ Ka7
31. Nd4 Rg6 32. Nc6+ Ka6 33. Nb4+ Ka5 34. Nc4+ Kb5 35. a4#
1-0

[Event "2015: The Year Of Darkcoin"]
[Site "SchemingMind.com"]
[Date "2014.11.02"]
[Round "-"]
[White "berns"]
[Black "smothered mate"]
[Result "0-1"]
[WhiteCountry "ENG"]
[BlackCountry "POL"]
[WhiteElo "1602"]
[WhiteRD "84"]
[BlackElo "1936"]
[BlackRD "67"]
[GameID "367878"]

1. e4 c5 2. Nf3 d6 3. d4 cxd4 4. Nxd4 Nf6 5. Nc3 g6 6. Be3 Bg7 7. f3 Nc6 8. Bb5 O-O 9. Qd2 Bd7 10. a4 a6
11. Bxc6 Bxc6 12. O-O Rc8 13. Nxc6 bxc6 14. b4 d5 15. exd5 cxd5 16. Bd4 e5 17. Bxe5 Ne4 18. Nxe4 Bxe5 19. Rae1 dxe4 20. Qxd8 Rfxd8
21. Rxe4 Bd4+ 22. Kh1 Rxc2 23. g3 Bf6 24. Rfe1 Rdd2 25. Kg1 Bd4+ 26. Rxd4 Rxd4 27. b5 axb5 28. axb5 Rb2 29. h4 Rdd2 30. Kf1 Rxb5
31. Re2 Rbb2 32. Rxd2 Rxd2 33. Kg1 f5 34. g4 f4 35. Kf1 Kf7 36. Ke1 Rh2 37. Kf1 Ke6 38. Kg1 Ra2
0-1

[Event "2015: The Year Of Darkcoin"]
[Site "SchemingMind.com"]
[Date "2014.11.05"]
[Round "-"]
[White "smothered mate"]
[Black "William Lindberg"]
[Result "0-1"]
[WhiteCountry "POL"]
[BlackCountry "USA"]
[WhiteElo "1887"]
[WhiteRD "63"]
[BlackElo "2204"]
[BlackRD "67"]
[GameID "368071"]

1. e4 e5 2. Nf3 Nc6 3. Bb5 a6 4. Bxc6 dxc6 5. O-O Qf6 6. d4 exd4 7. Qxd4 Qxd4 8. Nxd4 Bd7 9. Be3 Nf6 10. f3 O-O-O
11. Nd2 b6 12. Rfd1 Be7 13. c3 c5 14. N4b3 Kb7 15. Nc4 Be6 16. Ne5 Bd6 17. f4 Nxe4 18. Nd2 Nxd2 19. Rxd2 Rhe8 20. Re2 Bxe5
21. fxe5 Bc4 22. Rf2 Rxe5 23. Bf4 Red5 24. h3 Rd1+ 25. Rxd1 Rxd1+ 26. Kh2 Bxa2
0-1

[Event "2015: The Year Of Darkcoin"]
[Site "SchemingMind.com"]
[Date "2014.11.05"]
[Round "-"]
[White "William Lindberg"]
[Black "smothered mate"]
[Result "1-0"]
[WhiteCountry "USA"]
[BlackCountry "POL"]
[WhiteElo "2176"]
[WhiteRD "65"]
[BlackElo "1962"]
[BlackRD "66"]
[GameID "368072"]

1. c4 e6 2. Nf3 d5 3. d4 c5 4. cxd5 exd5 5. Bg5 f6 6. Bd2 Nc6 7. e3 Bg4 8. Be2 Bd6 9. dxc5 Bxc5 10. Nc3 Nge7
11. Rc1 Bd6 12. Qb3 Qb6 13. Bb5 Be6 14. Nd4 Bf7 15. Na4 Qc7 16. Nc5 O-O 17. Nde6 Bxc5 18. Nxc7
1-0

[Event "2015: The Year Of Darkcoin"]
[Site "SchemingMind.com"]
[Date "2014.10.31"]
[Round "-"]
[White "berns"]
[Black "William Lindberg"]
[Result "0-1"]
[WhiteCountry "ENG"]
[BlackCountry "USA"]
[WhiteElo "1651"]
[WhiteRD "76"]
[BlackElo "2123"]
[BlackRD "69"]
[GameID "368073"]

1. d4 Nf6 2. c4 e6 3. Nc3 d5 4. b3 Bb4 5. Bd2 c5 6. dxc5 d4 7. Na4 Bxd2+ 8. Qxd2 Ne4 9. Qf4 Qa5+ 10. Kd1 f5
11. Nf3 Nxf2+ 12. Kc1 Nxh1 13. Kb2 Nc6 14. e3 e5 15. Nxe5 Qd2+ 16. Ka3 g5 17. Qxg5 Nxe5 18. Qf6 Nf7 19. exd4 Nf2 20. d5 Nd1
21. g3 Ne3
0-1

[Event "2015: The Year Of Darkcoin"]
[Site "SchemingMind.com"]
[Date "2014.10.31"]
[Round "-"]
[White "William Lindberg"]
[Black "berns"]
[Result "1-0"]
[WhiteCountry "USA"]
[BlackCountry "ENG"]
[WhiteElo "2123"]
[WhiteRD "69"]
[BlackElo "1651"]
[BlackRD "76"]
[GameID "368074"]

1. c4 e5 2. Nc3 Nf6 3. e3 Nc6 4. Nf3 d6 5. d4 Bg4 6. d5 Ne7 7. Bd3 g6 8. h3 Bxf3 9. Qxf3 Bg7 10. e4 h6
11. O-O c6 12. a3 Qd7 13. Be3 c5 14. b4 cxb4 15. axb4 O-O 16. c5 Rfc8 17. Rfc1 a6 18. Na4 Nexd5 19. exd5 e4 20. Bxe4 Nxe4
21. Qxe4 Bxa1 22. Nb6 Qf5 23. Qxf5 gxf5 24. Rxa1 dxc5 25. Nxa8 Rxa8 26. bxc5 Rd8 27. c6 bxc6 28. dxc6 Kf8 29. Bb6 Rc8 30. c7 Ke8
31. Rd1
1-0

[Event "2015: The Year Of Darkcoin"]
[Site "SchemingMind.com"]
[Date "2014.11.20"]
[Round "-"]
[White "smothered mate"]
[Black "eun77"]
[Result "1-0"]
[WhiteCountry "POL"]
[BlackCountry "ISR"]
[WhiteElo "1823"]
[WhiteRD "66"]
[BlackElo "1264"]
[BlackRD "56"]
[GameID "369019"]

1. e4 e5 2. Nf3 d6 3. Bc4 h6 4. Nc3 c6 5. d4 Be7 6. dxe5 dxe5 7. Qxd8+ Bxd8 8. Nxe5 Be6 9. Bxe6 fxe6 10. Ng6 Rh7
11. h4 Ne7 12. h5 Nxg6 13. hxg6 Rh8 14. Bf4 Rf8 15. Be5 Bf6 16. Bd6 Be7 17. Bxb8
1-0

[Event "2015: The Year Of Darkcoin"]
[Site "SchemingMind.com"]
[Date "2014.11.20"]
[Round "-"]
[White "eun77"]
[Black "smothered mate"]
[Result "0-1"]
[WhiteCountry "ISR"]
[BlackCountry "POL"]
[WhiteElo "1264"]
[WhiteRD "56"]
[BlackElo "1823"]
[BlackRD "66"]
[GameID "369020"]

1. Nf3 d5 2. d4 c5 3. dxc5 e6 4. e3 Bxc5 5. Bb5+ Bd7 6. Bxd7+ Nxd7 7. O-O Ngf6 8. b3 O-O 9. Ba3 Rc8 10. Bxc5 Rxc5
11. c3 Ne4 12. Nfd2 Nxc3 13. Nxc3 Rxc3 14. Rc1 Qa5 15. Rxc3 Qxc3 16. Qc1 Rc8 17. Qxc3 Rxc3
0-1

[Event "2015: The Year Of Darkcoin"]
[Site "SchemingMind.com"]
[Date "2014.11.15"]
[Round "-"]
[White "eun77"]
[Black "berns"]
[Result "0-1"]
[WhiteCountry "ISR"]
[BlackCountry "ENG"]
[WhiteElo "1264"]
[WhiteRD "56"]
[BlackElo "1666"]
[BlackRD "72"]
[GameID "369021"]

1. Nc3 Nc6 2. e4 Nf6 3. d3 e6 4. Nf3 h6 5. Be2 b6 6. O-O Bb4 7. Bd2 Ba6 8. a3 Bxc3 9. Bxc3 Qe7 10. h3 O-O-O
11. b4 d5 12. e5 Nd7 13. Rb1 f6 14. exf6 gxf6 15. b5 Qxa3 16. bxc6 Qxc3 17. cxd7+ Rxd7 18. Qd2 Qxd2 19. Nxd2 Bb7 20. Ra1 a5
21. Bf3 c5 22. Be2 Kc7 23. c3 h5 24. Bf3 h4 25. Rfe1 e5 26. Bd1 Rg8 27. f3 Rdg7 28. Re2 Ba6 29. c4 d4 30. Ne4 f5
31. Nf2 Rxg2+ 32. Kh1 Rg1+
0-1

[Event "2015: The Year Of Darkcoin"]
[Site "SchemingMind.com"]
[Date "2014.11.20"]
[Round "-"]
[White "berns"]
[Black "eun77"]
[Result "1-0"]
[WhiteCountry "ENG"]
[BlackCountry "ISR"]
[WhiteElo "1666"]
[WhiteRD "72"]
[BlackElo "1264"]
[BlackRD "56"]
[GameID "369022"]

1. d4 d5 2. Nf3 e6 3. g3 h6 4. b3 Nf6 5. Bg2 Be7 6. Nc3 O-O 7. a4 a6 8. e3 Nh7 9. O-O f5 10. Ne5 Qe8
11. Bf3 Bd6 12. Bb2 Bxe5 13. dxe5 Nc6 14. Nxd5 exd5 15. Bxd5+ Be6 16. Bxc6 bxc6 17. c4 c5 18. f4 Rb8 19. Rf2 Rd8 20. Qf3 Rf7
21. Rd1 Rxd1+ 22. Qxd1 Rd7 23. Rd2 Rxd2 24. Qxd2 Qd7 25. Qxd7 Bxd7 26. Kf2 Nf8 27. Ba3
1-0

[Event "2015: The Year Of Darkcoin"]
[Site "SchemingMind.com"]
[Date "2014.11.15"]
[Round "-"]
[White "eun77"]
[Black "William Lindberg"]
[Result "0-1"]
[WhiteCountry "ISR"]
[BlackCountry "USA"]
[WhiteElo "1264"]
[WhiteRD "56"]
[BlackElo "2191"]
[BlackRD "70"]
[GameID "369023"]

1. c4 e5 2. d3 Nf6 3. e4 Bc5 4. Nf3 d6 5. h3 O-O 6. Be2 h6 7. O-O Nbd7 8. Nc3 a5 9. Be3 Bxe3 10. fxe3 Nc5
11. Nd5 Bd7 12. Nxf6+ Qxf6 13. Nh2 Qg5 14. Bg4 Qxe3+ 15. Kh1 Bxg4 16. Nxg4 Qxd3 17. Qxd3 Nxd3 18. Rab1 Nc5 19. Nf2 f5 20. exf5 Rxf5
21. Kg1 Raf8 22. Nh1 Rxf1+ 23. Rxf1 Rxf1+ 24. Kxf1 Nd3 25. b3 Nc1 26. Ke1 Nxa2 27. Kd2 Nb4 28. Kc3 Kf7 29. Nf2 Ke6
0-1

[Event "2015: The Year Of Darkcoin"]
[Site "SchemingMind.com"]
[Date "2014.11.20"]
[Round "-"]
[White "William Lindberg"]
[Black "eun77"]
[Result "1-0"]
[WhiteCountry "USA"]
[BlackCountry "ISR"]
[WhiteElo "2204"]
[WhiteRD "67"]
[BlackElo "1293"]
[BlackRD "54"]
[GameID "369024"]

1. c4 c5 2. Nf3 d6 3. e3 Nf6 4. d4 cxd4 5. exd4 h6 6. Bd3 e6 7. Nc3 Be7 8. O-O O-O 9. Bf4 Nh7 10. Re1 f5
11. c5 dxc5 12. Nb5 Na6 13. Bc4 Bg5 14. Bd6 Rf7 15. d5 Bd7 16. dxe6 Be8 17. exf7+ Bxf7 18. Bxf7+ Kxf7 19. Qd5+ Kg6 20. Ne5+ Kh5
21. Qf3+
1-0

[Event "2015: The Year Of Darkcoin"]
[Site "SchemingMind.com"]
[Date "2014.11.26"]
[Round "-"]
[White "smothered mate"]
[Black "Scooter"]
[Result "1-0"]
[WhiteCountry "POL"]
[BlackCountry "USA"]
[WhiteElo "1887"]
[WhiteRD "63"]
[BlackElo "1708"]
[BlackRD "44"]
[GameID "369425"]

1. e4 c6 2. d4 d5 3. Nc3 dxe4 4. Nxe4 Bf5 5. Ng3 Bg6 6. Nf3 Nd7 7. h4 h6 8. Bd3 Bxd3 9. Qxd3 Qc7 10. Ne2 e6
11. Bf4 Bd6 12. Qe3 Ngf6 13. c4 Ng4 14. Bxd6 Qa5+ 15. b4 Nxe3 16. bxa5 Nc2+ 17. Kd2 Nxa1 18. Rxa1 O-O-O 19. c5 Nf6 20. Nc3 Ne8
21. Ne5 Nxd6 22. cxd6 Rhf8 23. Ne4 f6 24. Ng6 Rf7 25. Ne7+ Kb8 26. a6 f5 27. Rb1
1-0

[Event "2015: The Year Of Darkcoin"]
[Site "SchemingMind.com"]
[Date "2014.11.26"]
[Round "-"]
[White "Scooter"]
[Black "smothered mate"]
[Result "0-1"]
[WhiteCountry "USA"]
[BlackCountry "POL"]
[WhiteElo "1708"]
[WhiteRD "44"]
[BlackElo "1887"]
[BlackRD "63"]
[GameID "369426"]

1. d4 d5 2. Nf3 c5 3. c3 Nf6 4. Bf4 Nc6 5. e3 e6 6. Bb5 Nd7 7. O-O Be7 8. Nbd2 g5 9. Bg3 h5 10. h3 g4
11. Bxc6 bxc6 12. hxg4 hxg4 13. Ne5 Nxe5 14. Bxe5 f6 15. Bg3 f5 16. Bf4 Bd6 17. Bxd6 Qxd6 18. g3 Ba6 19. Re1 Qc7 20. Kg2 Rb8
21. b3 Bd3 22. dxc5 Qe5 23. Rh1 Be4+ 24. f3 gxf3+ 25. Nxf3 Rg8 26. Rh3 Qxc3 27. Qe1 Qc2+ 28. Qf2 Bxf3+ 29. Kxf3 Qe4+ 30. Ke2 Qg4+
0-1

[Event "2015: The Year Of Darkcoin"]
[Site "SchemingMind.com"]
[Date "2014.11.25"]
[Round "-"]
[White "Scooter"]
[Black "eun77"]
[Result "1-0"]
[WhiteCountry "USA"]
[BlackCountry "ISR"]
[WhiteElo "1713"]
[WhiteRD "44"]
[BlackElo "1264"]
[BlackRD "56"]
[GameID "369427"]

1. d4 d5 2. Nf3 e6 3. Bf4 h6 4. e3 Nf6 5. Be2 Be7 6. O-O O-O 7. Nbd2 Nh7 8. c4 Bg5 9. Bxg5 Nxg5 10. Nxg5 Qxg5
11. Nf3 Qd8 12. cxd5 Qxd5 13. b3 Nc6 14. Rc1 Qd8 15. Bb5 Bd7 16. Bxc6 Bxc6 17. Ne5 Bd7 18. Qc2 c6 19. b4 Be8 20. a4 f6
21. Ng6 Bxg6 22. Qxg6 Qe8 23. Qg3 Rd8 24. Rc5
1-0

[Event "2015: The Year Of Darkcoin"]
[Site "SchemingMind.com"]
[Date "2014.11.25"]
[Round "-"]
[White "eun77"]
[Black "Scooter"]
[Result "0-1"]
[WhiteCountry "ISR"]
[BlackCountry "USA"]
[WhiteElo "1264"]
[WhiteRD "56"]
[BlackElo "1713"]
[BlackRD "44"]
[GameID "369428"]

1. c4 Nf6 2. d3 g6 3. Nf3 Bg7 4. e4 d6 5. h3 O-O 6. Be2 Nbd7 7. O-O e5 8. Nh2 c5 9. Ng4 Nxg4 10. Bxg4 Nf6
11. Bxc8 Rxc8 12. Bg5 h6 13. Bxf6 Bxf6 14. Nd2 Bg5 15. Nf3 a6 16. Nxg5 Qxg5 17. Rb1 f5 18. exf5 Rxf5 19. Qg4 Rcf8 20. Qxg5 Rxg5
21. Rbe1 b5 22. b3 bxc4 23. bxc4 Rb8 24. Rb1 Rb4 25. Rxb4 cxb4 26. Rb1 a5 27. f3 Rf5
0-1

[Event "2015: The Year Of Darkcoin"]
[Site "SchemingMind.com"]
[Date "2014.11.23"]
[Round "-"]
[White "Scooter"]
[Black "berns"]
[Result "1-0"]
[WhiteCountry "USA"]
[BlackCountry "ENG"]
[WhiteElo "1759"]
[WhiteRD "48"]
[BlackElo "1629"]
[BlackRD "79"]
[GameID "369429"]

1. d4 Nf6 2. Nf3 e6 3. Bg5 Be7 4. e3 h6 5. Bxf6 Bxf6 6. Be2 b6 7. O-O Bb7 8. Nbd2 a5 9. Rc1 c5 10. c3 Nc6
11. Qb3 d5 12. dxc5 a4 13. Qxb6 Qxb6 14. cxb6 O-O 15. Nd4 Bxd4 16. cxd4 Rfc8 17. Rc5 Ba6 18. Bxa6 Rxa6 19. b7 Rb8 20. Rfc1 Rxb7
21. Rxc6 Rxc6 22. Rxc6 Rxb2 23. Nf1 Rxa2 24. Ra6 a3 25. g3 g5 26. Kg2 Kg7 27. g4 Kg6 28. h3 Ra1 29. Nd2 Kf6= 30. Nb3 Ra2
31. Nc5 Ra1 32. Nd7+ Ke7 33. Ne5 f6 34. Ra7+ Kf8 35. Nd3 Kg8 36. Nc5 e5 37. dxe5 fxe5 38. Nd7 Kf7 39. Nxe5+ Ke6 40. Nd3 Kd6
41. Ra6+ Kc7 42. Nb4 Kb7 43. f4 gxf4 44. exf4 d4 45. Kf3 Rb1 46. Rxa3 Rxb4 47. Rd3 Kc6 48. Ke4 Kc5 49. f5 Ra4 50. f6 Ra7
51. Rxd4 Rf7 52. Ke5 Rxf6 53. Kxf6 Kxd4 54. Kg6 Ke4 55. Kxh6 Kf4 56. g5
1-0

[Event "2015: The Year Of Darkcoin"]
[Site "SchemingMind.com"]
[Date "2014.11.23"]
[Round "-"]
[White "berns"]
[Black "Scooter"]
[Result "0-1"]
[WhiteCountry "ENG"]
[BlackCountry "USA"]
[WhiteElo "1629"]
[WhiteRD "79"]
[BlackElo "1759"]
[BlackRD "48"]
[GameID "369430"]

1. Nf3 Nf6 2. c4 g6 3. g3 Bg7 4. d4 O-O 5. Nc3 d6 6. Bg2 Bg4 7. h3 Bxf3 8. Bxf3 c6 9. O-O Nbd7 10. b4 Re8
11. Bg5 h6 12. Bxf6 Bxf6 13. e3 e5 14. Qd3 exd4 15. exd4 Re7 16. Rae1 Qf8 17. Rxe7 Qxe7 18. c5 Re8 19. Ne4 dxc5 20. bxc5 Rd8
21. Nxf6+ Nxf6 22. Rb1 Qxc5 23. dxc5 Rxd3 24. Rxb7 Rxf3 25. Rxa7 Rc3 26. a4 Rxc5 27. a5 Nd5 28. Kg2 Rb5 29. Kf3 c5 30. Ke4 c4
31. Kd4 c3 32. Kd3 Rc5 33. Kc2 Nb4+ 34. Kc1 c2
0-1

[Event "2015: The Year Of Darkcoin"]
[Site "SchemingMind.com"]
[Date "2014.11.23"]
[Round "-"]
[White "Scooter"]
[Black "William Lindberg"]
[Result "0-1"]
[WhiteCountry "USA"]
[BlackCountry "USA"]
[WhiteElo "1759"]
[WhiteRD "48"]
[BlackElo "2181"]
[BlackRD "66"]
[GameID "369431"]

1. d4 Nf6 2. Nf3 d5 3. Bf4 Bf5 4. e3 e6 5. Bd3 Bxd3 6. Qxd3 Bd6 7. Bxd6 Qxd6 8. c3 c5 9. O-O O-O 10. Nbd2 Nc6
11. e4 cxd4 12. cxd4 Nxe4 13. Nxe4 dxe4 14. Qxe4 Rfd8 15. Rfd1 Qd5 16. Qxd5 Rxd5 17. Rd2 Rad8 18. Rad1 h5 19. a3 g5 20. h3 g4
21. hxg4 hxg4 22. Nh2 Nxd4 23. Kf1 f5 24. Ke1 Nc2+ 25. Ke2 Re5+ 26. Kf1 Rxd2
0-1

[Event "2015: The Year Of Darkcoin"]
[Site "SchemingMind.com"]
[Date "2014.11.23"]
[Round "-"]
[White "William Lindberg"]
[Black "Scooter"]
[Result "1/2-1/2"]
[WhiteCountry "USA"]
[BlackCountry "USA"]
[WhiteElo "2176"]
[WhiteRD "65"]
[BlackElo "1778"]
[BlackRD "45"]
[GameID "369432"]

1. c4 Nf6 2. Nf3 g6 3. d4 Bg7 4. Nc3 O-O 5. e4 d6 6. h3 b6 7. Be3 Bb7 8. Bd3 Nbd7 9. O-O Re8 10. a3 c5
11. d5 e5 12. Nb5 Bf8 13. Qd2 a6 14. Nc3 Qc7 15. Rad1 Rab8 16. Rfe1 Ba8 17. b3 Bg7 18. Ng5 Bf8 19. Qc2 h6 20. Nf3 Kh7
21. Qd2 Qd8 22. b4 Qc7 23. Rb1 Bg7 24. Rb2 Bf8 25. Reb1 Bg7 26. Rb3 Bf8 27. Rc1 Bg7 28. Rcb1 Bf8 29. b5 a5 30. Nh2 Bg7
31. Be2 Bf8 32. Rf1 Bg7 33. Rbb1 Bf8 34. Nf3 Bg7 35. Nh2 Nf8 36. Nf3 Bb7 37. Nh4 N8d7 38. Rbe1 Bf8 39. Bd1 Bc8 40. Bc2 Bg7
41. Nf3 Qd8 42. Rd1=
1/2-1/2

[Event "2015: The Year Of Darkcoin"]
[Site "SchemingMind.com"]
[Date "2014.12.16"]
[Round "-"]
[White "pcmvr"]
[Black "smothered mate"]
[Result "1-0"]
[WhiteCountry "NED"]
[BlackCountry "POL"]
[WhiteElo "2425"]
[WhiteRD "108"]
[BlackElo "1845"]
[BlackRD "69"]
[GameID "371230"]

1. b4 a5 2. b5 b6 3. e4 Bb7 4. Nc3 e5 5. Qh5 Qf6 6. Bc4 Bc5 7. Nf3 d6 8. O-O Qg6 9. Qxg6 hxg6 10. Nd5 Kd7
11. c3 c6 12. bxc6+ Nxc6 13. Bb2 Nf6 14. d4 exd4 15. cxd4 Bb4 16. Nxb6+ Kc7 17. Nxa8+ Rxa8 18. a3
1-0

[Event "2015: The Year Of Darkcoin"]
[Site "SchemingMind.com"]
[Date "2014.12.16"]
[Round "-"]
[White "smothered mate"]
[Black "pcmvr"]
[Result "0-1"]
[WhiteCountry "POL"]
[BlackCountry "NED"]
[WhiteElo "1867"]
[WhiteRD "70"]
[BlackElo "2482"]
[BlackRD "101"]
[GameID "371231"]

1. e4 e6 2. d4 d5 3. e5 c5 4. Nf3 cxd4 5. Bd3 Nc6 6. O-O Nge7 7. Bf4 Ng6 8. Bg3 Qb6 9. Nbd2 Bd7 10. Nb3 Be7
11. h4 f6 12. Re1 Ngxe5 13. Nxe5 Nxe5 14. Bxe5 fxe5 15. Qh5+ Kd8 16. Rxe5 Bf6 17. Re2 Kc7 18. c4 dxc3 19. bxc3 Rac8 20. Rc2 Kb8
21. Rb1 Rxc3 22. Rxc3 Bxc3 23. Qf3 Bf6 24. Nd2 Qc7 25. h5 h6 26. Nf1 Rf8 27. Qd1 Bd4
0-1

[Event "2015: The Year Of Darkcoin"]
[Site "SchemingMind.com"]
[Date "2014.12.11"]
[Round "-"]
[White "pcmvr"]
[Black "Scooter"]
[Result "1-0"]
[WhiteCountry "NED"]
[BlackCountry "USA"]
[WhiteElo "2462"]
[WhiteRD "121"]
[BlackElo "1708"]
[BlackRD "44"]
[GameID "371232"]

1. b4 Nf6 2. Bb2 g6 3. Nf3 Bg7 4. c4 O-O 5. g3 b6 6. Bg2 Bb7 7. O-O d6 8. d3 Nbd7 9. Nbd2 e5 10. Re1 Re8
11. Nxe5 Bxg2 12. Nxd7 Nxd7 13. Bxg7 Kxg7 14. Kxg2 c5 15. a3 Nf6 16. Qc2 d5 17. bxc5 bxc5 18. cxd5 Qxd5+ 19. e4 Qc6 20. d4 Rac8
21. d5 Qd7 22. Qc3 Qe7 23. Nc4 Kg8 24. Rad1 Nxe4 25. Qc2
1-0

[Event "2015: The Year Of Darkcoin"]
[Site "SchemingMind.com"]
[Date "2014.12.12"]
[Round "-"]
[White "Scooter"]
[Black "pcmvr"]
[Result "0-1"]
[WhiteCountry "USA"]
[BlackCountry "NED"]
[WhiteElo "1778"]
[WhiteRD "45"]
[BlackElo "2400"]
[BlackRD "167"]
[GameID "371233"]

1. d4 e6 2. Nf3 Nf6 3. Bg5 c5 4. e3 Qb6 5. Bxf6 gxf6 6. b3 Rg8 7. dxc5 Qxc5 8. c4 Qa5+ 9. Nbd2 f5 10. Be2 Rxg2
0-1

[Event "2015: The Year Of Darkcoin"]
[Site "SchemingMind.com"]
[Date "2014.12.13"]
[Round "-"]
[White "pcmvr"]
[Black "eun77"]
[Result "1-0"]
[WhiteCountry "NED"]
[BlackCountry "ISR"]
[WhiteElo "2425"]
[WhiteRD "108"]
[BlackElo "1261"]
[BlackRD "64"]
[GameID "371234"]

1. b4 b5 2. Bb2 c6 3. a4 bxa4 4. c3 d5 5. Qxa4 Qb6 6. c4 dxc4 7. Na3 e6 8. Nxc4 Qxb4 9. Qxb4 Bxb4 10. Bxg7 Nd7
11. Bxh8 f6 12. Nf3 Kf7 13. g4 Nh6 14. g5 Ng8 15. gxf6 Ngxf6 16. Rg1 Ne8 17. Nce5+ Nxe5 18. Nxe5+
1-0

[Event "2015: The Year Of Darkcoin"]
[Site "SchemingMind.com"]
[Date "2014.12.14"]
[Round "-"]
[White "eun77"]
[Black "pcmvr"]
[Result "0-1"]
[WhiteCountry "ISR"]
[BlackCountry "NED"]
[WhiteElo "1264"]
[WhiteRD "56"]
[BlackElo "2457"]
[BlackRD "117"]
[GameID "371235"]

1. d4 e6 2. e3 d5 3. Nf3 Nf6 4. Be2 c5 5. dxc5 Bxc5 6. O-O O-O 7. h3 Nc6 8. b3 e5 9. Ba3 Bxa3 10. Nxa3 Qe7
11. Nb1 Bf5 12. Nh2 Nb4 13. Bd3 Bxd3
0-1

[Event "2015: The Year Of Darkcoin"]
[Site "SchemingMind.com"]
[Date "2014.12.12"]
[Round "-"]
[White "pcmvr"]
[Black "berns"]
[Result "1-0"]
[WhiteCountry "NED"]
[BlackCountry "ENG"]
[WhiteElo "2400"]
[WhiteRD "167"]
[BlackElo "1611"]
[BlackRD "80"]
[GameID "371236"]

1. b4 e5 2. Bb2 d6 3. c4 Nf6 4. Nc3 Nbd7 5. e3 g6 6. Nf3 b6 7. Be2 Bh6 8. O-O Bb7 9. d3 c5 10. b5 a5
11. Nd2 d5 12. Bf3 Nf8 13. Nxd5 Nxd5 14. Bxe5 Nc3 15. Bxc3 Bxf3 16. Qxf3 Rg8 17. Bf6 Qb8 18. Qc6+ Nd7 19. Qe4+
1-0

[Event "2015: The Year Of Darkcoin"]
[Site "SchemingMind.com"]
[Date "2014.12.16"]
[Round "-"]
[White "berns"]
[Black "pcmvr"]
[Result "0-1"]
[WhiteCountry "ENG"]
[BlackCountry "NED"]
[WhiteElo "1666"]
[WhiteRD "72"]
[BlackElo "2457"]
[BlackRD "117"]
[GameID "371237"]

1. b3 d5 2. Bb2 Nf6 3. e3 e6 4. Nf3 c5 5. Bb5+ Bd7 6. Qe2 Be7 7. c3 O-O 8. Bxd7 Qxd7 9. O-O Nc6 10. d4 cxd4
11. cxd4 Ne4 12. Nbd2 Rac8 13. Rac1 f5 14. Nxe4 fxe4 15. Ne5 Nxe5 16. dxe5 g6 17. a3 Kg7 18. b4 h5 19. Rxc8 Rxc8 20. h3 Qa4
21. Rc1 Rxc1+ 22. Bxc1 a5 23. bxa5 Qxa5 24. Kh2 Bxa3 25. Bxa3 Qxa3 26. g4 Qc3 27. gxh5 Qxe5+ 28. Kg2 gxh5 29. Qb5 Qc7 30. Qe8 Qf7
31. Qd8 b5 32. Qg5+ Qg6 33. h4 Qxg5+ 34. hxg5 b4
0-1

[Event "2015: The Year Of Darkcoin"]
[Site "SchemingMind.com"]
[Date "2014.12.11"]
[Round "-"]
[White "pcmvr"]
[Black "William Lindberg"]
[Result "1-0"]
[WhiteCountry "NED"]
[BlackCountry "USA"]
[WhiteElo "2475"]
[WhiteRD "101"]
[BlackElo "2209"]
[BlackRD "65"]
[GameID "371238"]

1. b4 e5 2. Bb2 Nf6 3. a3 a5 4. b5 d6 5. e3 Be7 6. c4 O-O 7. Nf3 Bf5 8. Be2 Nbd7 9. O-O c6 10. Nc3 h6
11. d4 Bh7 12. Rc1 Qc7 13. Re1 Rfe8 14. Nd2 a4 15. Nxa4 exd4 16. exd4 c5 17. Bf3 cxd4 18. Bxd4 Nc5 19. Nxc5 dxc5 20. Bb2 Nd7
21. Ne4 Rad8 22. Nc3 Bg5 23. Nd5 Qa5 24. Rxe8+ Rxe8 25. Bc3 Qd8 26. Ra1 Ne5 27. Be2 Be4 28. a4 Nd7 29. Bf3 Bxf3 30. Qxf3 Ne5
31. Qe4 Nc6 32. Qd3 Nb4 33. Nxb4 cxb4 34. Qxd8 Bxd8 35. Bxb4 Re4 36. Rc1 f5 37. a5 Bg5 38. Rb1 Rxc4 39. a6 b6 40. a7 Rc8
41. Rd1 Kf7 42. h4 Bf4 43. Re1 Ra8 44. Re7+ Kf6 45. Rb7 Ke6 46. Rxb6+ Kd5 47. Rb7 Kc4 48. Ba3 g5 49. hxg5 hxg5 50. g3 Be5
51. b6 Kb5 52. Re7 Kxb6 53. Rxe5 g4 54. Bc5+ Kb7 55. Rxf5 Rc8 56. f4 gxf3 57. Kf2 Rd8 58. g4 Rh8 59. Kxf3 Ka6 60. g5 Rh3+
61. Ke4 Rh8 62. g6 Re8+ 63. Kd5 Rd8+ 64. Ke6 Re8+ 65. Kf7 Rc8 66. g7 Rc7+ 67. Ke6 Rc8 68. Rf8 Rxc5 69. a8=Q+ Kb5 70. Rb8+ Kc4
71. Qe4+ Kc3 72. g8=Q
1-0

[Event "2015: The Year Of Darkcoin"]
[Site "SchemingMind.com"]
[Date "2014.12.12"]
[Round "-"]
[White "William Lindberg"]
[Black "pcmvr"]
[Result "0-1"]
[WhiteCountry "USA"]
[BlackCountry "NED"]
[WhiteElo "2250"]
[WhiteRD "66"]
[BlackElo "2482"]
[BlackRD "101"]
[GameID "371239"]

1. c4 e6 2. Nf3 Nf6 3. Nc3 d5 4. d4 c5 5. Bg5 cxd4 6. Nxd4 e5 7. Bxf6 gxf6 8. Nb3 d4 9. Nd5 Nc6 10. e4 dxe3
11. fxe3 Nb4 12. Be2 Nxd5 13. cxd5 Bh6 14. Qd3 f5 15. O-O O-O 16. Rac1 a5 17. a4 Qb6 18. Nc5 Qxb2 19. Rc2 e4 20. Qd2 Qb4
21. Qc1 Qb6 22. Rd1 Qf6 23. Bb5 Rd8 24. g3 Qg6 25. Qd2 f4 26. exf4 b6 27. Nb3 e3 28. Qc3 Bg4 29. Bd3 Bxd1 30. Bxg6 hxg6
31. Qd3 Bxc2 32. Qxc2 b5 33. Kf1 bxa4 34. Nd4 Rxd5 35. Nf3 Rb8 36. Qc4 Rb1+ 37. Kg2 Rb2+ 38. Kh3 Rh5+ 39. Nh4 e2 40. Qc1 a3
41. Kg4 a2 42. Nxg6 fxg6 43. Qxb2 e1=Q 44. Qxa2+ Kh7 45. Qc2 a4 46. h4 Qe6+ 47. Kf3 Qb3+ 48. Qxb3 axb3 49. g4 Rxh4 50. Kg3 b2
51. Kxh4 Bxf4
0-1

[Event "2015: The Year Of Darkcoin"]
[Site "SchemingMind.com"]
[Date "2014.12.14"]
[Round "-"]
[White "pcmvr"]
[Black "Derek Price"]
[Result "1/2-1/2"]
[WhiteCountry "NED"]
[BlackCountry "ENG"]
[WhiteElo "2457"]
[WhiteRD "117"]
[BlackElo "2323"]
[BlackRD "85"]
[GameID "371332"]

1. b4 c6 2. Bb2 a5 3. a3 axb4 4. axb4 Rxa1 5. Bxa1 Qb6 6. c3 d5 7. Nf3 Bf5 8. d3 Nf6 9. Nbd2 e6 10. Nh4 Bd6
11. h3 Nbd7 12. g4 Bg6 13. Nxg6 hxg6 14. Bg2 O-O 15. Qc2 Ra8 16. O-O Ra6 17. Bb2 Qa7 18. Nb3 Nb6 19. Ra1 Rxa1+ 20. Bxa1 Qa4
21. Qd1 Nbd7 22. Qb1 Ne8 23. Bf1 Nc7 24. e3 e5 25. Be2 b6 26. Nd2 Ne6 27. Bb2 Qa8 28. Bc1 Nf6=
1/2-1/2